[Event "8th Southwest Class"]
[Site "Forth Worth, TX"]
[Date "2017.02.18"]
[Round "4.13"]
[White "FM Hilby, Craig"]
[Black "IM Stremavicius, Titus"]
[Result "1-0"]
[WhiteElo "2333"]
[BlackElo "2468"]
[PlyCount "53"]
[EventDate "2017.02.??"]
[EventType "swiss"]
[EventRounds "9"]
[EventCountry "USA"]

1. e4 c5 2. Nf3 Nc6 3. d4 cxd4 4. Nxd4 Nf6 5. Nc3 d6 6. Bg5 e6 7. Qd2 a6 8.
O-O-O Qb6 9. Be3 Ng4 10. Nxe6 Nxe3 11. Na4 Qa7 12. Nc7+ Kd8 13. Nxa8 Nxf1 14.
Rhxf1 Qxa8 15. e5 Nxe5 16. Qa5+ Ke8 17. Qc7 Be6 18. Nb6 Qd8 19. Qxb7 Be7 20. f4
Nd7 21. Nc8 g6 22. Nxd6+ Kf8 23. f5 Bxa2 24. Nxf7 Bg5+ 25. Nxg5 Qxg5+ 26. Rd2
Nf6 27. h4 1-0

[Event "8th Southwest Class"]
[Site "Forth Worth, TX"]
[Date "2017.02.18"]
[Round "4.14"]
[White "FM Griffith, Kyron"]
[Black "IM Harmon-Vellotti, Luke"]
[Result "0-1"]
[WhiteElo "2312"]
[BlackElo "2454"]
[PlyCount "80"]
[EventDate "2017.02.??"]
[EventType "swiss"]
[EventRounds "9"]
[EventCountry "USA"]

1. e4 e6 2. d4 d5 3. Nd2 c5 4. Ngf3 Nc6 5. exd5 exd5 6. Bb5 Bd6 7. dxc5 Bxc5 8.
O-O Nge7 9. Nb3 Bd6 10. h3 O-O 11. c3 f6 12. Re1 Ne5 13. Be3 Qc7 14. Nbd4 a6
15. Bf1 Bd7 16. Rc1 b5 17. b3 Rfd8 18. Qd2 Rac8 19. Kh1 Re8 20. Be2 Kh8 21. Nh4
Qb8 22. f4 N5g6 23. Nxg6+ Nxg6 24. f5 Ne5 25. a4 bxa4 26. bxa4 Nc4 27. Bxc4
Rxc4 28. a5 Qc7 29. Nb3 Rce4 30. Bf2 Qc4 31. Rxe4 Rxe4 32. Qd1 Ba4 33. Rb1 Re2
34. Bg1 h6 35. Qf1 Bxb3 36. Rxb3 Rc2 37. Qxc4 dxc4 38. Rb6 Bg3 39. Rb1 Rxc3 40.
Bc5 Rd3 0-1

[Event "8th Southwest Class"]
[Site "Forth Worth, TX"]
[Date "2017.02.18"]
[Round "4.15"]
[White "Zaloznyy, Mike"]
[Black "GM Boros, Denes"]
[Result "0-1"]
[WhiteElo "2100"]
[BlackElo "2444"]
[PlyCount "80"]
[EventDate "2017.02.??"]
[EventType "swiss"]
[EventRounds "9"]
[EventCountry "USA"]

1. e4 c5 2. Nc3 e6 3. g3 Nc6 4. Bg2 Nf6 5. f4 d5 6. d3 Be7 7. Nf3 O-O 8. O-O a6
9. a4 Rb8 10. h3 dxe4 11. dxe4 b5 12. axb5 axb5 13. e5 Nd5 14. Ne4 c4 15. Qe2
Bb7 16. Kh2 Qc7 17. Be3 Nxe3 18. Qxe3 Ra8 19. Nd4 Nxd4 20. Qxd4 Rfd8 21. Nd6
Bxd6 22. Bxb7 Rxa1 23. Rxa1 Bxe5 24. Qe4 Rd2+ 25. Kh1 Bd6 26. Qc6 Qxc6+ 27.
Bxc6 b4 28. Ra8+ Bf8 29. Ba4 Rd1+ 30. Kg2 Ra1 31. c3 Ra2 32. Kf3 b3 33. Ra7 g6
34. Ke4 Rxb2 35. Be8 Bc5 36. Bxf7+ Kf8 37. Rb7 Re2+ 38. Kf3 Re3+ 39. Kg4 Be7
40. Bg8 h5# 0-1

[Event "8th Southwest Class"]
[Site "Forth Worth, TX"]
[Date "2017.02.18"]
[Round "4.16"]
[White "GM Holt, Conrad"]
[Black "FM Taghizadeh, Rayan"]
[Result "1/2-1/2"]
[WhiteElo "2565"]
[BlackElo "2327"]
[PlyCount "63"]
[EventDate "2017.02.??"]
[EventType "swiss"]
[EventRounds "9"]
[EventCountry "USA"]

1. d4 Nf6 2. c4 e6 3. Nf3 b6 4. g3 Bb7 5. Bg2 Be7 6. Nc3 O-O 7. O-O Ne4 8. Bd2
Bf6 9. Rc1 d6 10. d5 Nxd2 11. Nxd2 e5 12. Nde4 Nd7 13. Nxf6+ Nxf6 14. b4 a5 15.
a3 axb4 16. axb4 Qe7 17. Qc2 Ba6 18. Rfd1 Nd7 19. Nb5 Nf6 20. Na3 e4 21. Nb5
Bxb5 22. cxb5 Ra7 23. Rd4 Qe5 24. e3 Re8 25. Qb1 g6 26. h3 Rea8 27. Qc2 Qh5 28.
Qc4 Re8 29. Qf1 Rea8 30. Qc4 Re8 31. Qf1 Rea8 32. Qc4 1/2-1/2

[Event "8th Southwest Class"]
[Site "Forth Worth, TX"]
[Date "2017.02.18"]
[Round "4.18"]
[White "Menon, Gopal"]
[Black "GM Alejano, Carlos"]
[Result "0-1"]
[WhiteElo "2238"]
[BlackElo "2496"]
[PlyCount "64"]
[EventDate "2017.02.??"]
[EventType "swiss"]
[EventRounds "9"]
[EventCountry "USA"]

1. e4 c5 2. Nf3 Nc6 3. d4 cxd4 4. Nxd4 Qb6 5. Nb3 e6 6. Bd3 Nf6 7. Nc3 Qc7 8.
f4 d6 9. Be3 a6 10. Qf3 b5 11. g4 Bb7 12. g5 Nd7 13. O-O-O Nb4 14. Kb1 Rc8 15.
h4 d5 16. Rc1 Be7 17. Bd4 O-O 18. e5 Nc5 19. Bxh7+ Kxh7 20. f5 exf5 21. Nxc5
Bxc5 22. Qh5+ Kg8 23. Bxc5 Qxc5 24. e6 Rc6 25. exf7+ Rxf7 26. g6 Rxg6 27. Qxg6
d4 28. Rhe1 dxc3 29. Re8+ Rf8 30. Rxf8+ Qxf8 31. Re1 Be4 32. bxc3 Nd5 0-1

[Event "8th Southwest Class"]
[Site "Forth Worth, TX"]
[Date "2017.02.18"]
[Round "4.19"]
[White "GM Matamoros, Carlos"]
[Black "Zhang, Chao"]
[Result "1-0"]
[WhiteElo "2486"]
[BlackElo "2242"]
[PlyCount "77"]
[EventDate "2017.02.??"]
[EventType "swiss"]
[EventRounds "9"]
[EventCountry "USA"]

1. Nf3 Nf6 2. g3 e6 3. Bg2 d5 4. O-O Be7 5. c4 d4 6. b4 O-O 7. Bb2 c5 8. d3 a5
9. b5 Nbd7 10. Nbd2 Bd6 11. Qc2 Qc7 12. Rae1 Re8 13. e4 e5 14. Nh4 g6 15. Bc1
Nh5 16. Kh1 Be7 17. Nhf3 Nf8 18. Ng1 Bg5 19. a4 Ne6 20. Nh3 Be7 21. Nb3 Bd6 22.
Qd2 Neg7 23. f4 Bxh3 24. Bxh3 f6 25. f5 g5 26. Bg4 Qf7 27. Qd1 h6 28. Kg2 Kf8
29. Rh1 Ke7 30. h4 Rh8 31. hxg5 hxg5 32. Rh3 Rh6 33. Reh1 Rah8 34. Nxa5 Kd8 35.
Nb3 Kc7 36. a5 Kb8 37. Ba3 Nf4+ 38. gxf4 Rxh3 39. Rxh3 1-0

[Event "8th Southwest Class"]
[Site "Forth Worth, TX"]
[Date "2017.02.18"]
[Round "4.20"]
[White "Potula, Kapish"]
[Black "IM Rao, Prasanna"]
[Result "0-1"]
[WhiteElo "2015"]
[BlackElo "2477"]
[PlyCount "68"]
[EventDate "2017.02.??"]
[EventType "swiss"]
[EventRounds "9"]
[EventCountry "USA"]

1. d4 Nf6 2. c4 Nc6 3. Nf3 e6 4. a3 d6 5. Nc3 g6 6. e4 Bg7 7. Be2 O-O 8. O-O a5
9. Bf4 Re8 10. Qc2 h6 11. Rfd1 Qe7 12. h3 Nxd4 13. Rxd4 e5 14. Bxe5 dxe5 15.
Rd2 c6 16. Na4 Be6 17. c5 Nh5 18. Rad1 Nf4 19. Bc4 Rad8 20. b4 axb4 21. axb4
Rxd2 22. Rxd2 Bxc4 23. Qxc4 Ne6 24. Rd6 b5 25. Qc2 bxa4 26. Qxa4 Nd8 27. Qd1
Qc7 28. Rd7 Qc8 29. Qd6 Ne6 30. Ra7 Nd4 31. Nxd4 exd4 32. Rc7 Qa8 33. Qd7 Rf8
34. Rxc6 d3 0-1

[Event "8th Southwest Class"]
[Site "Forth Worth, TX"]
[Date "2017.02.18"]
[Round "4.22"]
[White "Tsay, Vincent"]
[Black "Giannatos, Peter"]
[Result "0-1"]
[WhiteElo "1834"]
[BlackElo "2284"]
[PlyCount "104"]
[EventDate "2017.02.??"]
[EventType "swiss"]
[EventRounds "9"]
[EventCountry "USA"]

1. d4 d5 2. c4 e6 3. Nf3 Nf6 4. g3 dxc4 5. Bg2 Bb4+ 6. Bd2 c5 7. dxc5 Bxc5 8.
Qa4+ Nbd7 9. Qxc4 O-O 10. O-O b5 11. Qxb5 Rb8 12. Qd3 Rxb2 13. Bc3 Rb6 14. Ba5
Ba6 15. Qd2 Ne4 16. Qc2 Nxf2 17. Rxf2 Rxb1+ 18. Rxb1 Qxa5 19. Qd2 Qxd2 20. Nxd2
Bxe2 21. Rb7 Nf6 22. Ne4 Nxe4 23. Bxe4 Ba6 24. Rd7 f5 25. Bc2 Bc4 26. a4 Rb8
27. Rc7 Bxf2+ 28. Kxf2 Bd5 29. Ke3 Rb7 30. Rxb7 Bxb7 31. Kd4 Kf8 32. a5 Ke7 33.
Kc5 g5 34. Bd3 h6 35. a6 Ba8 36. Bf1 e5 37. Bh3 g4 38. Bf1 f4 39. Be2 h5 40.
Bf1 Bh1 41. Kc4 f3 42. Kd5 Bg2 43. Ke4 Bxf1 44. Ke3 Bxa6 45. h3 Ke6 46. h4 e4
47. Kf2 Ke5 48. Kg1 e3 49. Kh1 e2 50. Kh2 Bb7 51. Kh1 e1=Q+ 52. Kh2 Qf2+ 0-1

[Event "8th Southwest Class"]
[Site "Forth Worth, TX"]
[Date "2017.02.18"]
[Round "4.23"]
[White "Ghatti, Sanjay"]
[Black "Feinstein, Michael"]
[Result "1-0"]
[WhiteElo "2254"]
[BlackElo "2140"]
[PlyCount "101"]
[EventDate "2017.02.??"]
[EventType "swiss"]
[EventRounds "9"]
[EventCountry "USA"]

1. e4 c5 2. Nf3 e6 3. d4 cxd4 4. Nxd4 Nc6 5. Nb5 d6 6. c4 Nf6 7. N1c3 a6 8. Na3
Be7 9. Be2 O-O 10. O-O b6 11. Be3 Bb7 12. Rc1 Ne5 13. f4 Ned7 14. Bf3 Qc7 15.
Qe2 Rac8 16. Kh1 Qb8 17. Nab1 Qa8 18. Bg1 b5 19. e5 Bxf3 20. Rxf3 dxe5 21. fxe5
Ng4 22. cxb5 axb5 23. Qxb5 Ndxe5 24. Rff1 Rc4 25. b3 Rb8 26. bxc4 Rxb5 27. cxb5
Bg5 28. Rce1 Nd3 29. Re4 f5 30. Rd4 Nde5 31. Re1 Nf3 32. Ra4 Qb7 33. Ra7 Qxa7
34. Bxa7 Nxe1 35. h3 Ne5 36. a4 Nc4 37. Nd1 Nd3 38. Bd4 Bd8 39. Ne3 Na5 40. Bc3
Nc5 41. Bxa5 Bxa5 42. Nc4 Nb7 43. Nxa5 Nxa5 44. Nd2 Kf8 45. b6 Ke7 46. Nb3 Nc6
47. a5 Nb8 48. Nc5 Kd6 49. a6 Nxa6 50. Nxa6 Kc6 51. Nc5 1-0

[Event "8th Southwest Class"]
[Site "Forth Worth, TX"]
[Date "2017.02.18"]
[Round "4.24"]
[White "Lederer, Yoav"]
[Black "FM Greanias, Steven"]
[Result "1-0"]
[WhiteElo "2317"]
[BlackElo "2077"]
[PlyCount "67"]
[EventDate "2017.02.??"]
[EventType "swiss"]
[EventRounds "9"]
[EventCountry "USA"]

1. c4 Nf6 2. g3 c5 3. Bg2 d5 4. cxd5 Nxd5 5. Nc3 Nc7 6. Nf3 Nc6 7. a3 e5 8. b4
f6 9. Rb1 Be7 10. bxc5 Bxc5 11. O-O O-O 12. d3 Rb8 13. Na4 Be7 14. Nd2 Nd4 15.
Ne4 Bg4 16. f3 Bd7 17. Nac5 Bc6 18. e3 Nde6 19. Nxe6 Nxe6 20. f4 f5 21. Qb3 Qd7
22. Nd2 Bxg2 23. Kxg2 Kh8 24. Qb5 Qxb5 25. Rxb5 Nc5 26. d4 exd4 27. exd4 Nd3
28. Rb3 Nxc1 29. Rxc1 Rfd8 30. Rc7 Rxd4 31. Nf3 Bd6 32. Rd7 Rd1 33. Rbxb7 Rxb7
34. Rd8+ 1-0

[Event "8th Southwest Class"]
[Site "Forth Worth, TX"]
[Date "2017.02.18"]
[Round "4.25"]
[White "Studen, Damir"]
[Black "Matta, Nick"]
[Result "1/2-1/2"]
[WhiteElo "2223"]
[BlackElo "2019"]
[PlyCount "102"]
[EventDate "2017.02.??"]
[EventType "swiss"]
[EventRounds "9"]
[EventCountry "USA"]

1. d4 Nf6 2. c4 g6 3. g3 Bg7 4. Bg2 d5 5. cxd5 Nxd5 6. Nf3 O-O 7. O-O Nc6 8. e4
Nb6 9. d5 Na5 10. Nc3 c6 11. dxc6 Qxd1 12. Rxd1 Nxc6 13. Nd5 Nxd5 14. exd5 Ne5
15. Nxe5 Bxe5 16. Re1 Bf6 17. Bh6 Rd8 18. Rac1 Bxb2 19. Rc7 Ba3 20. Bg5 f6 21.
Bh6 Bd6 22. Rcxe7 Bxe7 23. Rxe7 Bf5 24. Rg7+ Kh8 25. Rf7 Re8 26. h3 Be4 27.
Rxb7 Bxg2 28. Kxg2 Rg8 29. Rf7 Rad8 30. Rxf6 Rxd5 31. Be3 Rd7 32. Ra6 Rgg7 33.
Bg5 Rgf7 34. Bf6+ Kg8 35. g4 h6 36. h4 Rb7 37. g5 Kh7 38. Re6 Rf8 39. a4 Kg8
40. Bd4 Kh7 41. Be3 h5 42. Ra6 Rff7 43. Bd4 Rfd7 44. Be5 Rb6 45. Ra5 Kg8 46.
Bg3 a6 47. Rc5 Kf7 48. Rc4 Rd5 49. Bc7 Re6 50. a5 Re8 51. Bb6 Ke7 1/2-1/2

[Event "8th Southwest Class"]
[Site "Forth Worth, TX"]
[Date "2017.02.18"]
[Round "4.26"]
[White "Toolin, Christopher"]
[Black "Xie, Tianming"]
[Result "0-1"]
[WhiteElo "2209"]
[BlackElo "2004"]
[PlyCount "66"]
[EventDate "2017.02.??"]
[EventType "swiss"]
[EventRounds "9"]
[EventCountry "USA"]

1. Nf3 d5 2. d4 Nf6 3. c4 e6 4. Nc3 Be7 5. Bf4 O-O 6. e3 Nbd7 7. Qc2 c5 8. Rd1
cxd4 9. Rxd4 Qa5 10. Bg3 a6 11. Be2 Bc5 12. Rh4 Ne4 13. O-O Be7 14. Rh3 Ndf6
15. Be5 g6 16. Bd3 Nc5 17. Ng5 Ng4 18. Nxf7 Nxd3 19. Qxd3 dxc4 20. Qe4 Rxf7 21.
Qxg6+ Kf8 22. Qxg4 Qxe5 23. Rh5 Qg7 24. Qxc4 Bd7 25. f4 Rc8 26. Qb3 Bc6 27. Rf2
Qg6 28. Re5 Rf6 29. Ne2 Bb5 30. Nc3 Bd6 31. Rxb5 axb5 32. h3 Qd3 33. Rf3 b4 0-1

[Event "8th Southwest Class"]
[Site "Forth Worth, TX"]
[Date "2017.02.18"]
[Round "4.28"]
[White "WIM Yu, Jennifer"]
[Black "Premkumar, Hiren"]
[Result "1-0"]
[WhiteElo "2162"]
[BlackElo "1857"]
[PlyCount "69"]
[EventDate "2017.02.??"]
[EventType "swiss"]
[EventRounds "9"]
[EventCountry "USA"]

1. c4 c5 2. Nc3 g6 3. g3 Bg7 4. Bg2 Nc6 5. e3 Nh6 6. Nge2 Nf5 7. d3 O-O 8. h4
e6 9. a3 Rb8 10. Rb1 d6 11. b4 Qd7 12. b5 Ne5 13. Bb2 b6 14. e4 Ne7 15. f4 Ng4
16. Bf3 Nf6 17. g4 Rd8 18. Qd2 Bb7 19. g5 Ne8 20. Bg4 Qc7 21. Ng3 d5 22. cxd5
exd5 23. e5 Bxe5 24. fxe5 Qxe5+ 25. Nce4 d4 26. Qe2 Kg7 27. h5 Nf5 28. hxg6
Nxg3 29. Rxh7+ Kg8 30. gxf7+ Kf8 31. fxe8=Q+ Kxe8 32. Nxg3 Qxe2+ 33. Kxe2 c4
34. Rf1 c3 35. Bh5# 1-0

[Event "8th Southwest Class"]
[Site "Forth Worth, TX"]
[Date "2017.02.18"]
[Round "4.29"]
[White "Hung, Daniel"]
[Black "James, Dylan"]
[Result "0-1"]
[WhiteElo "1924"]
[BlackElo "2111"]
[PlyCount "70"]
[EventDate "2017.02.??"]
[EventType "swiss"]
[EventRounds "9"]
[EventCountry "USA"]

1. e4 g6 2. Nc3 Bg7 3. f4 d6 4. Nf3 c5 5. Bc4 Nc6 6. d3 e6 7. O-O Nge7 8. Qe1
Nd4 9. Nxd4 cxd4 10. Ne2 O-O 11. Bb3 a5 12. a4 Qb6 13. Kh1 Kh8 14. Ng1 Bd7 15.
Nf3 f6 16. Qf2 e5 17. Qh4 Rae8 18. g4 Qc5 19. f5 d5 20. Nxe5 fxe5 21. f6 Bxf6
22. Rxf6 Ng8 23. Rxg6 Rf1+ 24. Kg2 Qf8 25. Rxg8+ Kxg8 26. Bxd5+ Kh8 27. Qg3 Re1
28. Kh3 h5 29. Qg2 Rf1 30. Kh4 hxg4 31. h3 Rf3 32. hxg4 Re7 33. Qxf3 Qxf3 34.
Kg5 Qxg4+ 35. Kf6 Qg7# 0-1

[Event "8th Southwest Class"]
[Site "Forth Worth, TX"]
[Date "2017.02.18"]
[Round "4.30"]
[White "Kirumaki, Ronit"]
[Black "Vaidya, Atulya"]
[Result "0-1"]
[WhiteElo "1848"]
[BlackElo "2087"]
[Annotator "Hater,David"]
[PlyCount "96"]
[EventDate "2017.02.??"]
[EventType "swiss"]
[EventRounds "9"]
[EventCountry "USA"]

1. e4 g6 2. d4 Bg7 3. Nc3 d6 4. Nf3 Nf6 5. h3 O-O 6. Be3 e5 7. d5 a5 8. Qd2 Na6
9. Bxa6 Rxa6 10. O-O-O Bd7 11. g4 b5 12. g5 Nh5 13. Ne2 c6 14. Ng3 Nxg3 15.
fxg3 cxd5 16. exd5 Qc7 17. g4 b4 18. Kb1 Rc8 19. Rc1 Raa8 20. Qf2 a4 21. c4
bxc3 22. Rxc3 Qb7 23. Rxc8+ Rxc8 24. Qd2 a3 25. b3 e4 26. Nd4 Qxd5 27. Rc1 Qe5
28. Rxc8+ Bxc8 29. Qc1 Ba6 30. Qxa3 Bd3+ 31. Kc1 Qg3 32. Qa8+ Bf8 33. Kd2 Qg2+
34. Kc3 Qf1 35. Kd2 Qg2+ 36. Kc3 Qxh3 37. Kd2 Qg2+ 38. Kc3 Qxg4 39. Kd2 Qg2+
40. Kc3 Qf1 41. Kd2 d5 42. a4 Qg2+ 43. Kc3 Qh3 44. Kd2 Qg2+ 45. Kc3 Qh3 46. Kd2
Qh2+ 47. Kc3 Qh1 48. Kd2 Qf1 {[%emt 0:00:54] 0-1,Move 59} 0-1

[Event "8th Southwest Class"]
[Site "Forth Worth, TX"]
[Date "2017.02.18"]
[Round "4.31"]
[White "Gutman, Joshua"]
[Black "Sanchez, Robert"]
[Result "1/2-1/2"]
[WhiteElo "2078"]
[BlackElo "1863"]
[PlyCount "110"]
[EventDate "2017.02.??"]
[EventType "swiss"]
[EventRounds "9"]
[EventCountry "USA"]

1. d4 Nf6 2. c4 e6 3. g3 Bb4+ 4. Bd2 Qe7 5. Nf3 Nc6 6. Bg2 Bxd2+ 7. Nbxd2 O-O
8. O-O d6 9. a3 e5 10. d5 Nb8 11. b4 c6 12. e4 cxd5 13. cxd5 Bd7 14. Qb3 Na6
15. Rfc1 Rfc8 16. Ne1 Nc7 17. a4 Nce8 18. Nd3 Nh5 19. Nc4 f5 20. exf5 Bxf5 21.
Ne3 Bd7 22. b5 Qd8 23. Rc4 Nhf6 24. Nb4 Rxc4 25. Qxc4 Rc8 26. Qb3 Qb6 27. Rd1
Ng4 28. Nxg4 Bxg4 29. Re1 Qd4 30. h3 Rc3 31. Qb1 Bh5 32. Qb2 Nf6 33. a5 Re3 34.
Rb1 Re1+ 35. Kh2 Rxb1 36. Qxb1 Qxf2 37. a6 bxa6 38. bxa6 Qb6 39. Qe1 Be8 40.
Qc3 Bd7 41. Qa3 Qc5 42. Qb3 Bb5 43. Nc6 Qc4 44. Qa3 Qc5 45. Qb3 h6 46. Nxa7
Bxa6 47. Qb8+ Kh7 48. Qb1+ Kg8 49. Qb8+ Kf7 50. Nc6 Qf2 51. Qxd6 Bf1 52. Nxe5+
Ke8 53. Qc6+ Kf8 54. Qd6+ Ke8 55. Qc6+ Kf8 1/2-1/2

[Event "8th Southwest Class"]
[Site "Forth Worth, TX"]
[Date "2017.02.18"]
[Round "4.32"]
[White "Obili, Abhishek"]
[Black "FM Guo, Arthur"]
[Result "0-1"]
[WhiteElo "1986"]
[BlackElo "2126"]
[Annotator "Hater,David"]
[PlyCount "53"]
[EventDate "2017.02.??"]
[EventType "swiss"]
[EventRounds "9"]
[EventCountry "USA"]

1. e4 c5 2. Nf3 d6 3. Bb5+ Nc6 4. d4 cxd4 5. Qxd4 Bd7 6. Bxc6 Bxc6 7. Nc3 Nf6
8. Bg5 e6 9. O-O-O Be7 10. Rhe1 O-O 11. h3 a6 12. Qe3 Qc7 13. Nd4 Rac8 14. f4
b5 15. e5 dxe5 16. fxe5 Nd5 17. Nxd5 Bxd5 18. Bxe7 Qxe7 19. Kb1 b4 20. Rd2 Rfd8
21. Rf2 Qc5 22. Rf4 Qc4 23. b3 Qc3 24. Qf2 Rd7 25. Re3 Qc7 26. Rg4 g6 27. Rh4 {
[%emt 0:00:35] 0-1, Move 42} 0-1

[Event "8th Southwest Class"]
[Site "Forth Worth, TX"]
[Date "2017.02.18"]
[Round "4.35"]
[White "Hu, Yi"]
[Black "Mishra, Prateek"]
[Result "1/2-1/2"]
[WhiteElo "2152"]
[BlackElo "1923"]
[PlyCount "100"]
[EventDate "2017.02.??"]
[EventType "swiss"]
[EventRounds "9"]
[EventCountry "USA"]

1. e4 e5 2. Nf3 Nc6 3. Bb5 a6 4. Ba4 Nf6 5. O-O Nxe4 6. d4 b5 7. Bb3 d5 8. dxe5
Be6 9. c3 Be7 10. Nbd2 Nc5 11. Bc2 Bg4 12. Re1 O-O 13. Nb3 Ne6 14. Qd3 g6 15.
Nfd4 Ncxd4 16. Nxd4 Qd7 17. h3 Nxd4 18. cxd4 Bf5 19. Qc3 Rac8 20. Bxf5 Qxf5 21.
Be3 Rfd8 22. Qc6 Qe6 23. Rec1 Qxc6 24. Rxc6 a5 25. Rac1 Rd7 26. Bd2 Bb4 27.
Bxb4 axb4 28. b3 Ra8 29. R1c2 Ra7 30. f4 Kf8 31. Kf2 Kg7 32. g4 Re7 33. f5 Rd7
34. f6+ Kh6 35. h4 g5 36. h5 Ra5 37. Ke3 Ra8 38. Kd2 Ra7 39. Kc1 Ra8 40. Kb1
Re8 41. Rxc7 Rxc7 42. Rxc7 Rc8 43. Rc5 Rc6 44. a4 Ra6 45. Rxd5 bxa4 46. bxa4 b3
47. Rd8 b2 48. Rh8 Rc6 49. d5 Rc1+ 50. Kxb2 Rc2+ 1/2-1/2

[Event "8th Southwest Class"]
[Site "Forth Worth, TX"]
[Date "2017.02.18"]
[Round "5.1"]
[White "GM Sevian, Sam"]
[Black "IM Li, Ruifeng"]
[Result "1/2-1/2"]
[WhiteElo "2579"]
[BlackElo "2561"]
[PlyCount "64"]
[EventDate "2017.02.??"]
[EventType "swiss"]
[EventRounds "9"]
[EventCountry "USA"]

1. e4 c5 2. Nf3 d6 3. d4 cxd4 4. Nxd4 Nf6 5. Nc3 a6 6. Be3 e5 7. Nb3 Be6 8. f3
h5 9. Qd2 Nbd7 10. O-O-O Be7 11. Kb1 Rc8 12. g3 b5 13. Nd5 Bxd5 14. exd5 Nb6
15. Bxb6 Qxb6 16. Bh3 Rc4 17. Rhe1 O-O 18. Bf1 Rc7 19. f4 Nd7 20. Bh3 Bf6 21.
Bxd7 Rxd7 22. Na5 exf4 23. gxf4 Re7 24. Rxe7 Bxe7 25. Nc6 Bf6 26. Qe2 h4 27. a3
Qc5 28. f5 Rc8 29. h3 Kf8 30. Qh5 Kg8 31. Qe2 Kf8 32. Qh5 Kg8 1/2-1/2

[Event "8th Southwest Class"]
[Site "Forth Worth, TX"]
[Date "2017.02.18"]
[Round "5.2"]
[White "IM Matsenko, Sergei"]
[Black "GM Belous, Vladimir"]
[Result "1/2-1/2"]
[WhiteElo "2522"]
[BlackElo "2577"]
[PlyCount "55"]
[EventDate "2017.02.??"]
[EventType "swiss"]
[EventRounds "9"]
[EventCountry "USA"]

1. d4 Nf6 2. c4 g6 3. Nc3 Bg7 4. e4 O-O 5. Nf3 d6 6. Be2 e5 7. O-O Nc6 8. dxe5
dxe5 9. Bg5 Bg4 10. Qxd8 Nxd8 11. Bxf6 Bxf6 12. Nd5 Bg5 13. Nxc7 Bxf3 14. gxf3
Rc8 15. Nd5 Ne6 16. Kg2 f5 17. exf5 gxf5 18. Bd3 Nf4+ 19. Nxf4 Bxf4 20. Rad1
Kg7 21. Bc2 Rxc4 22. Rd7+ Kh6 23. Bb3 Rb4 24. Rfd1 Rf6 25. Re7 Rd4 26. Rxd4
exd4 27. Re6 Rxe6 28. Bxe6 1/2-1/2

[Event "8th Southwest Class"]
[Site "Forth Worth, TX"]
[Date "2017.02.18"]
[Round "5.3"]
[White "IM Vorontsov, Paulo"]
[Black "GM Zherebukh, Yaroslav"]
[Result "0-1"]
[WhiteElo "2477"]
[BlackElo "2614"]
[PlyCount "78"]
[EventDate "2017.02.??"]
[EventType "swiss"]
[EventRounds "9"]
[EventCountry "USA"]

1. c4 e5 2. d3 Nf6 3. Nf3 Nc6 4. g3 Bc5 5. Bg2 d6 6. Nc3 h6 7. a3 a6 8. b4 Ba7
9. Bb2 O-O 10. O-O Be6 11. h3 Nd7 12. e3 f5 13. Nd5 Ne7 14. Nxe7+ Qxe7 15. c5
c6 16. cxd6 Qxd6 17. Qc2 Rae8 18. Qc3 Bd5 19. Rad1 Qe7 20. Kh2 Qf7 21. Nd2 f4
22. e4 Be6 23. g4 h5 24. g5 f3 25. Nxf3 Qf4+ 26. Kg1 Bxh3 27. Bxh3 Qg3+ 28. Bg2
Rxf3 29. Qc4+ Kh8 30. d4 Qxg5 31. Rd3 Rxd3 32. Qxd3 Rf8 33. Qh3 Nf6 34. Qe3 Qh4
35. Qf3 Rd8 36. Rd1 Ng4 37. Qh3 Qxf2+ 38. Kh1 Qxb2 39. Qxh5+ Nh6 0-1

[Event "8th Southwest Class"]
[Site "Forth Worth, TX"]
[Date "2017.02.18"]
[Round "5.4"]
[White "IM Brown, Michael"]
[Black "GM Shabalov, Alex"]
[Result "1/2-1/2"]
[WhiteElo "2466"]
[BlackElo "2570"]
[PlyCount "84"]
[EventDate "2017.02.??"]
[EventType "swiss"]
[EventRounds "9"]
[EventCountry "USA"]

1. d4 d6 2. Nf3 Bg4 3. c4 Nd7 4. e4 Bxf3 5. Qxf3 g6 6. Nc3 Bg7 7. Qd3 a6 8. Be2
Ngf6 9. Qc2 O-O 10. O-O c6 11. Be3 Ne8 12. Rad1 Nc7 13. f4 e6 14. f5 Qe7 15.
Qd2 exf5 16. exf5 Rae8 17. Rf3 b5 18. a3 bxc4 19. Bxc4 d5 20. Bf1 Nf6 21. Bg5
Qd7 22. Qf4 Ne4 23. f6 Bh8 24. Bh6 Nxc3 25. bxc3 Re4 26. Qg5 Rfe8 27. Bd3 Re1+
28. Rxe1 Rxe1+ 29. Kf2 Re8 30. h4 Ne6 31. Qg3 Qd8 32. Bg5 h6 33. Bxg6 hxg5 34.
hxg5 Nf8 35. Bf5 Qb8 36. Qh4 Qb2+ 37. Kg1 Qc1+ 38. Kh2 Re1 39. Rh3 Rh1+ 40. Kg3
Qe3+ 41. Kg4 Qe2+ 42. Kg3 Qe3+ 1/2-1/2

[Event "8th Southwest Class"]
[Site "Forth Worth, TX"]
[Date "2017.02.18"]
[Round "5.5"]
[White "IM Harmon-Vellotti, Luke"]
[Black "GM Popilski, Gil"]
[Result "0-1"]
[WhiteElo "2454"]
[BlackElo "2539"]
[PlyCount "40"]
[EventDate "2017.02.??"]
[EventType "swiss"]
[EventRounds "9"]
[EventCountry "USA"]

1. e4 d5 2. exd5 Qxd5 3. Nc3 Qd6 4. d4 Nf6 5. Bc4 Bg4 6. f3 Bf5 7. Nge2 Nc6 8.
d5 Nb4 9. Nd4 Bg6 10. Qe2 O-O-O 11. Be3 Nfxd5 12. Ncb5 Qc5 13. a3 Nxe3 14. axb4
Qxc4 15. Qxe3 e5 16. Nxa7+ Kb8 17. Ndb5 Bxb4+ 18. c3 Bc5 19. Qe2 Qxe2+ 20. Kxe2
c6 0-1

[Event "8th Southwest Class"]
[Site "Forth Worth, TX"]
[Date "2017.02.18"]
[Round "5.6"]
[White "GM Boros, Denes"]
[Black "GM Troff, Kayden"]
[Result "1-0"]
[WhiteElo "2444"]
[BlackElo "2511"]
[PlyCount "99"]
[EventDate "2017.02.??"]
[EventType "swiss"]
[EventRounds "9"]
[EventCountry "USA"]

1. Nf3 Nf6 2. d4 g6 3. Bg5 Bg7 4. Nbd2 d5 5. e3 O-O 6. Bd3 Nbd7 7. O-O c5 8. c3
b6 9. Qe2 Bb7 10. h3 Re8 11. Rfe1 h6 12. Bf4 a6 13. Ne5 Qc8 14. Ndf3 Nxe5 15.
Bxe5 Nd7 16. Bxg7 Kxg7 17. b4 e5 18. dxe5 Nxe5 19. Nxe5 Rxe5 20. bxc5 Qxc5 21.
Rab1 Kg8 22. Qg4 Rc8 23. Bxg6 Rg5 24. Qd7 Rc7 25. Qd8+ Kg7 26. Bd3 d4 27. Qxd4+
Qxd4 28. cxd4 Rxg2+ 29. Kf1 Bf3 30. Rec1 Rh2 31. Ke1 Rxc1+ 32. Rxc1 Rxh3 33.
Kd2 Rh2 34. e4 f5 35. Rc7+ Kf8 36. exf5 Bd5 37. Ke3 Rh3+ 38. Ke2 Rh4 39. Rd7
Bxa2 40. Ke3 Ke8 41. Ra7 Bd5 42. f3 Rh3 43. Be4 Bxe4 44. Kxe4 Rh1 45. f6 Kf8
46. d5 Re1+ 47. Kf5 Rd1 48. d6 Rxd6 49. Kg6 Ke8 50. Kg7 1-0

[Event "8th Southwest Class"]
[Site "Forth Worth, TX"]
[Date "2017.02.18"]
[Round "5.7"]
[White "FM Kalikshteyn, Alexander"]
[Black "GM Hernandez, Holden"]
[Result "1/2-1/2"]
[WhiteElo "2448"]
[BlackElo "2496"]
[PlyCount "158"]
[EventDate "2017.02.??"]
[EventType "swiss"]
[EventRounds "9"]
[EventCountry "USA"]

1. d4 Nf6 2. Nf3 e6 3. Bf4 c5 4. e3 Nh5 5. Bg5 Qb6 6. Nbd2 h6 7. Bh4 g5 8. Nc4
Qd8 9. Nfd2 Ng7 10. Bg3 d5 11. Ne5 cxd4 12. exd4 h5 13. h4 Nf5 14. c3 Bg7 15.
Bb5+ Nd7 16. Nxd7 Bxd7 17. Bxd7+ Kxd7 18. Qa4+ Kc8 19. hxg5 Nxg3 20. fxg3 Qxg5
21. O-O Qe7 22. Nf3 Qd7 23. Qa5 f6 24. Rae1 Re8 25. Re2 Qc6 26. Rfe1 Kd7 27.
Nh4 Bf8 28. Ng6 Bd6 29. Nf4 Bc7 30. Qa3 e5 31. dxe5 fxe5 32. Nd3 e4 33. Nc5+
Qxc5+ 34. Qxc5 Bb6 35. Qxb6 axb6 36. a3 Kc6 37. Rf2 Re5 38. Rf6+ Kc5 39. Kf2
Rg8 40. Rd1 Rgg5 41. Rd4 Rgf5+ 42. Rxf5 Rxf5+ 43. Ke2 b5 44. Rb4 Rg5 45. Kf2
Rg4 46. Rb3 Rg8 47. Rb4 Rf8+ 48. Ke2 Rg8 49. Kf2 Rg4 50. Rb3 Rg6 51. Rb4 Ra6
52. Rd4 Ra8 53. Rd1 Rf8+ 54. Ke2 Rf5 55. Rd4 Rg5 56. Kf2 Rg4 57. Rd1 b6 58. Rd2
Kd6 59. Rd4 h4 60. gxh4 Rxh4 61. Rd1 Rh8 62. Ke2 Ke5 63. Kf2 b4 64. axb4 Ra8
65. Ke3 Rg8 66. Kf2 Rg5 67. Rh1 d4 68. cxd4+ Kxd4 69. Rd1+ Kc4 70. Rd2 Kxb4 71.
Rd4+ Kb3 72. Rxe4 b5 73. Re2 b4 74. g3 Ka2 75. Kf3 b3 76. g4 Rc5 77. Rg2 Rc2
78. g5 Kxb2 79. g6 Rxg2 1/2-1/2